Science Quiz

Random Science Quiz

USMLE Uworld buzzwords Quiz Stats

 Plays Quiz not verified by Sporcle

Score 0/6 Timer 20:00
0 Plays Today
Hint % Correct
CN IX/X/XII foramen of the skull???
87.5%
ank spondy connective tissue disease???
20%
???
12.5%
PML;RARalpha???
10%
thrombosing vasculitis of radial/tibial arteries???
10%
???
0%

You're not logged in!

Compare scores with friends on all Sporcle quizzes.
OR
Log In

Show Comments

Extras

Created Jan 27, 2014ReportNominate
Tags:buzzard, usmle

Top Quizzes Today


Score Distribution

Your Account Isn't Verified!

In order to create a playlist on Sporcle, you need to verify the email address you used during registration. Go to your Sporcle Settings to finish the process.

Report this User

Report this user for behavior that violates our Community Guidelines.

Details: